<?xml version="1.0" encoding="UTF-8"?>
<marc:record xmlns:marc="http://www.loc.gov/MARC21/slim">
   <marc:leader>00000nam a2200000 a 4500</marc:leader>
   <marc:datafield ind1="1" ind2=" " tag="100">
      <marc:subfield code="a">Robotham, Michael</marc:subfield>
      <marc:subfield code="4">aut</marc:subfield>
      <marc:subfield code="e">Verfasser/-in</marc:subfield>
   </marc:datafield>
   <marc:datafield ind1="0" ind2="0" tag="245">
      <marc:subfield code="a">Todeswunsch</marc:subfield>
   </marc:datafield>
   <marc:datafield ind1="0" ind2="0" tag="245">
      <marc:subfield code="b">Psychothriller</marc:subfield>
   </marc:datafield>
   <marc:datafield ind1="0" ind2="0" tag="245">
      <marc:subfield code="c">Michael Robotham</marc:subfield>
   </marc:datafield>
   <marc:datafield ind1=" " ind2="1" tag="264">
      <marc:subfield code="a">München</marc:subfield>
      <marc:subfield code="b">Goldmann [u.a.]</marc:subfield>
      <marc:subfield code="c">2016</marc:subfield>
   </marc:datafield>
   <marc:datafield ind1="1" ind2=" " tag="520">
      <marc:subfield code="a">Der Psychologe Joe O&#x92;Loughlin ist sich nicht sicher, ob er sich ausgerechnet die frühreife Sienna Hegarty als beste Freundin für seine Tochter Charlie wünscht. Doch als sie eines Abends blutüberströmt bei den O&#x92;Loughlins auftaucht, versucht Joe alles, um ihr zu helfen. Denn im Haus der Hegartys ist etwas Schreckliches passiert: Siennas Vater liegt tot in ihrem Zimmer &#x96; jemand hat ihm die Halsschlagader durchtrennt, und Sienna kann sich an nichts erinnern ...</marc:subfield>
   </marc:datafield>
   <marc:datafield ind1=" " ind2=" " tag="020">
      <marc:subfield code="a">9783442478712</marc:subfield>
      <marc:subfield code="9">9783442478712</marc:subfield>
   </marc:datafield>
   <marc:datafield ind1=" " ind2=" " tag="020">
      <marc:subfield code="a">3442478715</marc:subfield>
      <marc:subfield code="9">3442478715</marc:subfield>
   </marc:datafield>
</marc:record>
